|
|
|
|
| LEADER |
00633cam a2200193 7i4500 |
| 001 |
0000031930 |
| 005 |
20120830090000.0 |
| 020 |
|
|
|a 9781420055399 (hbk.)
|
| 090 |
0 |
0 |
|a QP30
|b .K76 2009
|
| 100 |
1 |
|
|a Kroemer, Karl H. E
|
| 245 |
1 |
0 |
|a Fitting the human :
|b introduction to ergonomics
|c Karl H.E. Kroemer.
|
| 250 |
|
|
|a 6th ed.
|
| 260 |
|
|
|a Boca Raton:
|b CRC Press/ Taylor & Francis,
|c 2009.
|
| 300 |
|
|
|a xviii, 437 p.:
|b ill.;
|c 25 cm.
|
| 650 |
0 |
0 |
|a Human engineering
|
| 650 |
0 |
0 |
|a Human mechanics
|
| 650 |
0 |
0 |
|a Work --
|x Physiological aspects
|
| 998 |
|
|
|a Physiotherapy, Diploma
|
| 999 |
|
|
|a 0000038397
|b BOK
|c OPEN SHELF
|e 1st Floor, Shah Alam
|